[Event "Benidorm op-A"]
[Site "Benidorm"]
[Date "2022.12.08"]
[Round "6"]
[White "Rodriguez Melendez, Juan Humbert"]
[Black "Achuthan, Dylan"]
[Result "1/2-1/2"]
[WhiteElo "2149"]
[BlackElo "2081"]
[PlyCount "98"]
[EventDate "2022.12.03"]
[EventType "swiss"]
[EventRounds "9"]
[EventCountry "ESP"]
[SourceTitle "CBM 211 Extra"]
[Source "ChessBase"]
[SourceDate "2023.01.31"]
[SourceVersion "1"]
[SourceVersionDate "2023.01.31"]
[SourceQuality "1"]

1. d4 Nf6 2. c4 g6 3. Nc3 d5 4. Qb3 dxc4 5. Qxc4 a6 6. Bf4 c6 7. e4 Bg7 8. Nf3 Bg4 9. Be2 b5 10. Qd3 Nfd7 11. Rd1 Nb6 12. 0-0 N8d7 13. Qe3 0-0 14. Bh6 Qc7 15. Bxg7 Kxg7 16. e5 Nd5 17. Qg5 Nxc3 18. bxc3 Bxf3 19. Bxf3 Nb6 20. Rfe1 e6 21. Rd3 Nd5 22. Be4 Qd8 23. Qg3 Qa5 24. h4 Qxa2 25. h5 Qa5 26. Rf3 Qd8 27. Bb1 a5 28. Re4 a4 29. Rg4 Qe8 30. hxg6 fxg6 31. Bxg6 hxg6 32. Rxf8 Kxf8 33. Rxg6 Qf7 34. Qg5 Qh7 35. Rxe6 a3 36. Rh6 Qg8 37. Qf5+ Ke8 38. Re6+ Ne7 39. Qh5+ Qf7 40. Qh8+ Qf8 41. Qh5+ Kd7 42. Qg4 Kc7 43. d5 cxd5 44. Qb4 Nc6 45. Qxb5 Na7 46. Qb6+ Kc8 47. Qa6+ Kc7 48. Qb6+ Kc8 49. Qa6+ Kc7 1/2-1/2

[Event "Benidorm op-A"]
[Site "Benidorm"]
[Date "2022.12.06"]
[Round "4"]
[White "Ilinca Ilinca, Felix Antonio"]
[Black "Achuthan, Dylan"]
[Result "1-0"]
[WhiteElo "2233"]
[BlackElo "2081"]
[PlyCount "63"]
[EventDate "2022.12.03"]
[EventType "swiss"]
[EventRounds "9"]
[EventCountry "ESP"]
[SourceTitle "CBM 211 Extra"]
[Source "ChessBase"]
[SourceDate "2023.01.31"]
[SourceVersion "1"]
[SourceVersionDate "2023.01.31"]
[SourceQuality "1"]

1. e4 c5 2. Nf3 Nc6 3. d4 cxd4 4. Nxd4 e5 5. Nb5 d6 6. c4 g6 7. N1c3 a6 8. Na3 Bg7 9. Nc2 Nf6 10. Be2 0-0 11. Be3 Be6 12. 0-0 Rc8 13. f3 Nh5 14. Nd5 Nd4 15. Nxd4 Bxd5 16. cxd5 exd4 17. Bxd4 Bxd4+ 18. Qxd4 Nf4 19. Bd1 Qg5 20. g3 Rc2 21. Kh1 Rfc8 22. Bxc2 Rxc2 23. Rf2 Ne2 24. Qb6 Rc1+ 25. Rxc1 Qxc1+ 26. Kg2 Qg1+ 27. Kh3 Nc1 28. Qe3 Nd3 29. Re2 Qf1+ 30. Kh4 Ne5 31. Rf2 g5+ 32. Qxg5+ 1-0

[Event "Benidorm op-A"]
[Site "Benidorm"]
[Date "2022.12.05"]
[Round "3"]
[White "Achuthan, Dylan"]
[Black "Draghici Flutur, Gavril"]
[Result "1-0"]
[WhiteElo "2081"]
[BlackElo "2004"]
[PlyCount "43"]
[EventDate "2022.12.03"]
[EventType "swiss"]
[EventRounds "9"]
[EventCountry "ESP"]
[SourceTitle "CBM 211 Extra"]
[Source "ChessBase"]
[SourceDate "2023.01.31"]
[SourceVersion "1"]
[SourceVersionDate "2023.01.31"]
[SourceQuality "1"]

1. e4 g6 2. d4 Bg7 3. c3 d6 4. f4 Nd7 5. Nf3 e5 6. Bc4 Nh6 7. 0-0 0-0 8. h3 Kh8 9. dxe5 dxe5 10. Nxe5 Qe7 11. Nxd7 Bxd7 12. Bd3 Bc6 13. f5 Bxe4 14. Bxe4 Qxe4 15. f6 Nf5 16. fxg7+ Kxg7 17. Qf3 Qe7 18. Bf4 Rfe8 19. Nd2 c6 20. Qf2 Qe6 21. g4 Ne7 22. Rae1 1-0

[Event "Utrecht Keres Memorial"]
[Site "Utrecht"]
[Date "2022.05.27"]
[Round "2"]
[White "Doggers, Peter"]
[Black "Achuthan, Dylan"]
[Result "1/2-1/2"]
[WhiteElo "2140"]
[BlackElo "1995"]
[PlyCount "44"]
[EventDate "2022.05.27"]
[EventType "swiss"]
[EventRounds "6"]
[EventCountry "NED"]
[SourceTitle "CBM 208 Extra"]
[Source "ChessBase"]
[SourceDate "2022.07.31"]
[SourceVersion "1"]
[SourceVersionDate "2022.07.31"]
[SourceQuality "1"]

1. e4 c5 2. Nf3 Nc6 3. d4 cxd4 4. Nxd4 e5 5. Nb5 d6 6. c4 g6 7. N1c3 a6 8. Na3 Bg7 9. Be2 Nf6 10. Nc2 Be6 11. Be3 0-0 12. 0-0 Rc8 13. b3 b5 14. cxb5 Ne7 15. Qd3 d5 16. Rac1 d4 17. Nxd4 exd4 18. Bxd4 axb5 19. Nxb5 Nc6 20. Bc5 Qxd3 21. Bxd3 Rfd8 22. Bb1 Bf8 1/2-1/2

[Event "NED-ch U16"]
[Site "Almelo"]
[Date "2021.08.04"]
[Round "4"]
[White "Achuthan, Dylan"]
[Black "Boeren, Jurriaan"]
[Result "1-0"]
[WhiteElo "1888"]
[BlackElo "1614"]
[PlyCount "109"]
[EventDate "2021.08.01"]
[EventType "swiss"]
[EventRounds "7"]
[EventCountry "NED"]
[SourceTitle "EXT 2022"]
[Source "ChessBase"]
[SourceDate "2021.10.06"]
[SourceVersion "1"]
[SourceVersionDate "2021.10.06"]
[SourceQuality "1"]

1. Nf3 d5 2. g3 Nf6 3. Bg2 e6 4. 0-0 Be7 5. d3 0-0 6. Nbd2 b6 7. e4 dxe4 8. Ng5 Bb7 9. Ndxe4 Nxe4 10. Nxe4 Qc8 11. Bd2 Nd7 12. Bc3 Bf6 13. Nxf6+ Nxf6 14. Bxf6 gxf6 15. Qg4+ Kh8 16. Qh4 f5 17. Qf6+ Kg8 18. Qg5+ Kh8 19. Qf6+ Kg8 20. Bxb7 Qxb7 21. a4 Qd5 22. Qg5+ Kh8 23. Qf6+ Kg8 24. Ra3 Rfd8 25. Rc3 c5 26. Rc4 Qf3 27. Rh4 Rd4 28. Rxd4 cxd4 29. Qxd4 Rc8 30. c4 Qc6 31. Ra1 Qc5 32. Qxc5 bxc5 33. Kf1 Rb8 34. Ra2 Kg7 35. Ke2 Kf6 36. Kd2 a5 37. Kc3 e5 38. Ra3 Ke6 39. Rb3 Rxb3+ 40. Kxb3 e4 41. Kc3 Ke5 42. b3 h6 43. Kd2 Kd4 44. dxe4 Kxe4 45. Kc3 f6 46. Kd2 f4 47. gxf4 Kxf4 48. f3 Kxf3 49. b4 cxb4 50. c5 b3 51. c6 b2 52. Kc2 Kg2 53. c7 Kxh2 54. c8Q h5 55. Qh8 1-0

[Event "Hoogeveen op 23rd"]
[Site "Hoogeveen"]
[Date "2019.10.21"]
[Round "4"]
[White "Faber, Hugo"]
[Black "Achuthan, Dylan"]
[Result "1/2-1/2"]
[WhiteElo "2077"]
[BlackElo "1865"]
[PlyCount "40"]
[EventDate "2019.10.19"]
[EventType "swiss"]
[EventRounds "9"]
[EventCountry "NED"]
[SourceTitle "CBM 192 Extra"]
[Source "Chessbase"]
[SourceDate "2019.11.06"]
[SourceVersion "1"]
[SourceVersionDate "2019.11.06"]
[SourceQuality "1"]

1. e4 c5 2. c3 d5 3. exd5 Qxd5 4. d4 Nc6 5. Nf3 Bg4 6. Be2 Nf6 7. 0-0 e6 8. Be3 cxd4 9. cxd4 Be7 10. Nc3 Qd8 11. Qb3 Qc7 12. d5 Nxd5 13. Nxd5 exd5 14. Qxd5 0-0 15. h3 Be6 16. Qe4 Qa5 17. Nd4 Nxd4 18. Bxd4 b6 19. Rfd1 Rfd8 20. Bf3 Rac8 1/2-1/2

[Event "Hoogeveen op 22nd"]
[Site "Hoogeveen"]
[Date "2018.10.20"]
[Round "1"]
[White "Achuthan, Dylan"]
[Black "Li, Henry"]
[Result "1/2-1/2"]
[WhiteElo "1751"]
[BlackElo "2207"]
[PlyCount "194"]
[EventDate "2018.10.20"]
[EventType "swiss"]
[EventRounds "9"]
[EventCountry "NED"]
[SourceTitle "CBM 187 Extra"]
[Source "ChessBase"]
[SourceDate "2018.11.04"]
[SourceVersion "1"]
[SourceVersionDate "2018.11.04"]
[SourceQuality "1"]

1. e4 e5 2. Nf3 Nc6 3. Bc4 Nf6 4. d3 Be7 5. Nc3 d6 6. h3 0-0 7. Be3 Na5 8. Bb3 c6 9. d4 exd4 10. Qxd4 Qc7 11. Qd3 b5 12. 0-0 b4 13. Ne2 c5 14. Bd5 Nxd5 15. exd5 Bf6 16. c3 Qb6 17. Bg5 Ba6 18. Qc2 Qd8 19. Bxf6 Qxf6 20. Rfe1 bxc3 21. bxc3 Rab8 22. Ng3 Nc4 23. Ne4 Qg6 24. Qa4 Rb6 25. Nh4 Qh5 26. Nf3 Qxd5 27. Qd7 Rb7 28. Qa4 Bb5 29. Qc2 Bd7 30. Rad1 Qc6 31. Qc1 d5 32. Ng3 Be6 33. Nh5 f6 34. Nf4 Bf7 35. Nh4 g5 36. Nf5 gxf4 37. Ne7+ Rxe7 38. Rxe7 Re8 39. Rxe8+ Qxe8 40. Qxf4 Qe5 41. Qg4+ Qg5 42. Qc8+ Kg7 43. Qxc5 a6 44. Rd3 Qc1+ 45. Kh2 Ne5 46. Rg3+ Ng6 47. Rf3 Qg5 48. Rg3 Qe5 49. Kg1 Qe4 50. Kh2 h5 51. Qd4 Qxd4 52. cxd4 Be8 53. Rf3 Ne7 54. Rd3 Bb5 55. Rd2 Nf5 56. g3 Nd6 57. f3 Bc4 58. a4 Kf7 59. Kg2 Ke6 60. g4 hxg4 61. hxg4 Bb3 62. Re2+ Kd7 63. a5 Bc4 64. Re1 Nb5 65. Rd1 Nc3 66. Rc1 Ne2 67. Rd1 Ke6 68. Re1 Kf7 69. Rd1 Kg6 70. Kf2 Nc3 71. Rc1 Na2 72. Rb1 Nc3 73. Rc1 Nb5 74. Ke3 Nd6 75. Rb1 Bb5 76. Ra1 f5 77. Kf4 fxg4 78. fxg4 Nc4 79. Ra2 Kf6 80. g5+ Ke6 81. Ra1 Nd2 82. Ra3 Bc4 83. Re3+ Ne4 84. Re1 Kf7 85. Rxe4 dxe4 86. Kxe4 Ke6 87. g6 Kd6 88. Ke3 Kc6 89. Kd2 Kb5 90. Kc3 Bg8 91. g7 Kxa5 92. Kb2 Kb4 93. Ka1 Kc3 94. d5 Bxd5 95. Kb1 a5 96. g8Q Bxg8 97. Ka1 Kc2 1/2-1/2

[Event "NED-ch U16"]
[Site "Assen"]
[Date "2018.05.02"]
[Round "4"]
[White "Hilwerda, Jonas"]
[Black "Achuthan, Dylan"]
[Result "1-0"]
[WhiteElo "2108"]
[BlackElo "1673"]
[PlyCount "79"]
[EventDate "2018.04.29"]
[EventType "swiss"]
[EventRounds "7"]
[EventCountry "NED"]
[SourceTitle "CBM 184 Extra"]
[Source "ChessBase"]
[SourceDate "2018.06.28"]
[SourceVersion "1"]
[SourceVersionDate "2018.06.28"]
[SourceQuality "1"]

1. e4 c5 2. Nf3 Nc6 3. d4 cxd4 4. Nxd4 e5 5. Nb5 d6 6. N1c3 a6 7. Na3 b5 8. Nd5 Nge7 9. Bd3 Nxd5 10. exd5 Ne7 11. c4 g6 12. cxb5 Bg7 13. 0-0 0-0 14. bxa6 f5 15. Qe2 f4 16. f3 Nf5 17. Bxf5 Rxf5 18. Qf2 Bxa6 19. Rd1 h5 20. Nb1 h4 21. h3 Bf6 22. Nc3 Qd7 23. Ne4 Bd8 24. Kh2 Qe7 25. b3 Rb8 26. Ba3 Bc7 27. Qa7 Bb5 28. Nxd6 Bxd6 29. Qxb8+ Bxb8 30. Bxe7 Ba7 31. d6 Bd7 32. Rac1 Bf2 33. Rc7 Bg3+ 34. Kg1 Be8 35. Rc8 Kf7 36. Rxe8 Kxe8 37. d7+ Kxe7 38. d8Q+ Kf7 39. Rd7+ Ke6 40. Qe7# 1-0